000 00432nam a2200133 4500
999 _c512882
_d512882
008 191226b ||||| |||| 00| 0 eng d
245 _aCritical response to the Draft National Education Policy, 2019
260 _bSocial Scientist
300 _a47(9-10), Sep-Oct, 2019: p.3-26.
650 _aDraft National Education Policy 2019
_914892
773 _aSocial Scientist
906 _aEducational policy - India
942 _2ddc
_cAR